Zdravotné postihnutie a vek ako dôvody diskriminácie

Zdravotné postihnutie a vek - diskriminačné dôvody, ich charakteristika v pracovnoprávnych vzťahoch. Kedy ide o zakázané diskriminačné správanie z týchto diskriminačných dôvodov.

Gespeichert in:
Bibliographische Detailangaben
1. Verfasser: Petríková, Lucia
Format: Buchkapitel
Sprache:Slowakisch
Schlagworte:
Tags: Tag hinzufügen
Keine Tags, Fügen Sie das erste Tag hinzu!

MARC

LEADER 00000naa a2200000 4500
001 0225767
005 20250721131241.0
041 0 |a slo 
044 |a SK 
245 1 0 |a Zdravotné postihnutie a vek ako dôvody diskriminácie  |c Lucia Petríková 
520 |a Zdravotné postihnutie a vek - diskriminačné dôvody, ich charakteristika v pracovnoprávnych vzťahoch. Kedy ide o zakázané diskriminačné správanie z týchto diskriminačných dôvodov. 
610 2 0 |a zdravie 
610 2 0 |a diskriminácia 
610 2 0 |a vek 
610 2 0 |a diskriminácia veková 
610 2 0 |a dôvody sociálne 
100 1 |a Petríková, Lucia